Tajemství správného úvěru na bydlení
Ako si počínať krok za krokom pri hľadaní správneho úveru na bývanie. Finančné známosti, parametre úverov, splatnosť a splátky.
Enregistré dans:
| Auteur principal: | |
|---|---|
| Format: | Chapitre de livre |
| Langue: | tchèque |
| Sujets: | |
| Tags: |
Pas de tags, Soyez le premier à ajouter un tag!
|
MARC
| LEADER | 00000naa$a2200000$$$4500 | ||
|---|---|---|---|
| 001 | 0085659 | ||
| 005 | 20230804111046.7 | ||
| 041 | 0 | |a cze | |
| 044 | |a CZ | ||
| 245 | 1 | 0 | |a Tajemství správného úvěru na bydlení |c Ladislav Budík |
| 520 | |a Ako si počínať krok za krokom pri hľadaní správneho úveru na bývanie. Finančné známosti, parametre úverov, splatnosť a splátky. | ||
| 610 | 2 | 0 | |a bývanie |
| 610 | 2 | 0 | |a financovanie |
| 610 | 2 | 0 | |a úver |
| 610 | 2 | 0 | |a splátky |
| 100 | 1 | |a Budík, Ladislav | |